000 01930nam0a2200421 4500
001 RU\NLR\bibl\220764
005 20260405091624.0
021 _aRU
_b2001-38079
_91806
035 _a(NLR Aleph) 000216834
090 _a1259627
_c1259627
100 _a20020108d2001 |||y0rusy50 ca
101 0 _arus
_deng
102 _aRU
105 _aa |||||||||
200 1 _aНьютоновская итерационная схема с вариационным функционалом Швингера для решения задачи рассеяния
_fО. Чулуунбаатар, И.В. Пузынин, С.И. Виницкий
210 _aДубна
_cОИЯИ
_d2001
215 _a16 с.
_cграф.
_d22
225 1 _aПрепринт
_fОбъед. ин-т ядер. исслед.
_vР11-2001-61
300 _aРез. на англ. яз.
320 _aБиблиогр.: с. 15-16
606 0 _aУравнения Шредингера
_xРешение
_xИтерационные методы
_91239236
_3RU\NLR\auth\66506128
606 0 _aШредингера уравнение
_xРешение
_xИтерационные методы
_92202190
_3RU\NLR\auth\661323277
606 0 _aЭлементарные частицы (физ.) - Рассеяние - Расчет
606 0 _aИтерация (мат.)
675 _a539.12:519.6
_v3
_zrus
686 _a29.15
_2rugasnti
686 _a22.382
_2rubbk
686 _aВ314.1
700 1 _4070
_7ca
_8rus
_aЧулуунбаатар
_bО.
_f1974-
_gОчбадрах
_9251079
_3RU\NLR\AUTH\770251135
701 1 _4070
_8rus
_7ca
_aПузынин
_bИ. В.
_f1938-
_gИгорь Викторович
_3RU\NLR\auth\7732956
_915964
701 1 _aВиницкий
_bС. И.
_gСергей Ильич
_4070
801 0 _aRU
_bRKP
_c20020108
_gPSBO
801 1 _aRU
_bRKP
_c20020108
801 2 _aRU
_bNLR
_c20060117
_grcr
942 _cBOOK
980 _aNB
980 _aNBR